2000s Manchester United XIs - Statistics

General Stats
  • This quiz has been taken 23 times
  • The average score is 87 of 110
Answer Stats
Position Country Answer % Correct
MF England Paul Scholes
95%
FW Netherlands Ruud van Nistelrooy
95%
FW | MF Wales Ryan Giggs
95%
FW | MF Portugal Cristiano Ronaldo
89%
MF England David Beckham
89%
DF England Gary Neville
89%
MF South Korea Park Ji-Sung
89%
DF England Phil Neville
89%
MF Ireland Roy Keane
89%
FW Argentina Carlos Tevez
84%
FW Bulgaria Dimitar Berbatov
84%
GK Netherlands Edwin van der Sar
84%
GK France Fabien Barthez
84%
DF Serbia Nemanja Vidic
84%
FW Trinidad & Tobago Dwight Yorke
79%
DF Ireland John O'Shea
79%
FW Norway Ole Gunnar Solskjaer
79%
DF France Patrice Evra
79%
DF England Rio Ferdinand
79%
GK United States Tim Howard
79%
FW England Wayne Rooney
79%
MF Scotland Darren Fletcher
74%
FW Uruguay Diego Forlan
68%
MF Argentina Juan Sebastian Veron
68%
MF England Michael Carrick
68%
MF Portugal Nani
68%
DF France Laurent Blanc
63%
FW England Andy Cole
58%
DF Netherlands Jaap Stam
58%
DF France Mikael Silvestre
53%
DF England Wes Brown
53%
DF Argentina Gabriel Heinze
47%
FW England Teddy Sheringham
47%
DF Ireland Denis Irwin
42%
GK Australia Mark Bosnich
42%
MF England Nicky Butt
42%
GK Northern Ireland Roy Carroll
37%
MF England Alan Smith
11%
No matching quizzes found
Score Distribution
Percent of People with Each Score
Percentile by Number Answered
Your Score History
You have not taken this quiz